000
00205nam a2200085Ia 4500
008
120527s9999 xx 000 0 und d
100
_a
Anasttasi & Anne
245
_a
Fields of applied Psychology
942
_c
BK
999
_c
27581
_d
27581